| 000 | 01194cam a2200325 a 4500 | ||
|---|---|---|---|
| 999 |
_c1495 _d1495 |
||
| 001 | .b29251096 | ||
| 003 | OCoLC | ||
| 005 | 20221230161404.0 | ||
| 008 | 080401s2009 nyuab b 001 0 eng d | ||
| 010 | _a2008014786 | ||
| 020 | _a9780531213575 (pbk.) | ||
| 035 |
_a(OCoLC)218194052 _z(OCoLC)437544785 |
||
| 040 |
_aDLC _beng _cDLC _dBTCTA _dON8 _dBIB _dLF8 _dGO3 _dEHH _dUPZ _dYDXCP _dFMG _dCVA _dTWE _dVP@ _dBDX _dNTNU _dKH8 |
||
| 042 | _anbic | ||
| 043 | _aa-ii--- | ||
| 082 | 0 | _a954 APT | |
| 100 | 1 |
_aApte, Sunita. _eauthor |
|
| 245 | 1 | 0 |
_aIndia / _cSunita Apte. |
| 260 |
_aNew York : _bChildren's Press, _c2009. |
||
| 300 |
_a48 p. : _bill. (chiefly col.), col. maps ; _c22 cm. |
||
| 490 | 1 | _aA true book. | |
| 500 | _aLexile 770. | ||
| 504 | _aIncludes bibliographical references (p. 44-45) and index. | ||
| 505 | 0 | _aLand of contrasts -- Vast and varied -- Daily life in India -- Bollywood booms! -- The path from the past -- India reborn -- India today. | |
| 520 | _aA lively discussion about the culture, geography, and history of India. Features center-spread "sidebars." | ||
| 651 | 0 |
_aIndia _vJuvenile literature. |
|
| 651 | 1 | _aIndia. | |
| 830 | 0 | _aTrue book. | |
| 942 |
_2ddc _cNFIC |
||